000 007460000a22001930004500
001 2224
003 CO-MdFUSB
005 20170512142417.0
008 170512b xxu||||| |||| 00| 0 eng d
020 _a978-84-236-9915-5
040 _cCO-MdBIC
082 0 4 _a863C T722d
100 1 _aMyron, Vicki; Witter, Bret
245 1 0 _aDewey: íUn gato en la biblioteca!
260 _aEspaña : Edebé
300 _a32p/21x20cm
505 0 0 _a1. La lombriz que nunca había visto el sol -- 2. Quiero escribir un cuento -- 3. Doña desastre -- 4. +Cuándo viene Papá? -- 5. La peligrosa casa horrible -- 6.Emma no se quiere bañar -- 7. Un camaleón en la escuela de gatos -- 8. El cerdito azul -- 9. Dewey: íUn gato el ma biblioteca!
942 _cLGB
999 _c49370
_d49370